The ABCs of CBM : (Record no. 4489)

MARC details
000 -LEADER
fixed length control field 00939nam a22002532 4500
001 - CONTROL NUMBER
control field 0000024104
005 - DATE AND TIME OF LATEST TRANSACTION
control field 20151217145946.0
008 - FIXED-LENGTH DATA ELEMENTS--GENERAL INFORMATION
fixed length control field 130610s xx 000 0 eng d
020 ## - INTERNATIONAL STANDARD BOOK NUMBER
International Standard Book Number 1593853990 :
040 ## - CATALOGING SOURCE
Original cataloging agency KABU
Transcribing agency KABU
100 1# - MAIN ENTRY--PERSONAL NAME
Personal name Hosp, Michelle K.
-- 0000184066
245 14 - TITLE STATEMENT
Title The ABCs of CBM :
Remainder of title a practical guide to curriculum-based measurement /
Statement of responsibility, etc. Michelle K. Hosp, John L. Hosp, Kenneth W. Howell.
250 ## - EDITION STATEMENT
Edition statement 1st ed.
260 ## - PUBLICATION, DISTRIBUTION, ETC. (IMPRINT)
Place of publication, distribution, etc. New York :
Name of publisher, distributor, etc. Guilford Press,
Date of publication, distribution, etc. 2006.
300 ## - PHYSICAL DESCRIPTION
Extent x, 172 p.
650 #0 - SUBJECT ADDED ENTRY--TOPICAL TERM
Topical term or geographic name as entry element Curriculum-based assessment
Geographic subdivision United States.
-- 0000184031
650 #0 - SUBJECT ADDED ENTRY--TOPICAL TERM
Topical term or geographic name as entry element Educational tests and measurements
Geographic subdivision United States.
-- 0000153685
700 1# - ADDED ENTRY--PERSONAL NAME
Personal name Hosp, John L.
-- 0000184067
700 1# - ADDED ENTRY--PERSONAL NAME
Personal name Howell, Kenneth W.
-- 0000184068
852 1# - LOCATION
-- p2340 KES
852 1# - LOCATION
-- p2340 KES
908 ## - PUT COMMAND PARAMETER (RLIN)
Put command parameter 130610
950 ## - LOCAL HOLDINGS (RLIN)
-- 1
Holdings
Withdrawn status Lost status Source of classification or shelving scheme Not for loan Home library Current library Date acquired Total Checkouts Full call number Barcode Date last seen Price effective from Koha item type
    Library of Congress Classification   Kabarak, Main Campus Kabarak, Main Campus 17/12/2015   LB3060.32 .C74H67 2006 c. 1 015236 17/12/2015 17/12/2015 General Collection
    Library of Congress Classification   Kabarak, Main Campus Kabarak, Main Campus 17/12/2015   LB3060.32 .C74H67 2006 c. 2 015243 17/12/2015 17/12/2015 General Collection
Designed with assistance from East African Informatics Ltd